000 00591nam a22001217a 4500
040 _cRUA
082 _aVEM CHA 2025 B705 Or.1
100 _aCHAB VICHIT, ចាប វិចិត
245 _aGastro-Intestinal Parasites In Cattle At Sotip Commune, Cherung Prey District, Kampong Cham Province, បរាសិតក្នុងក្រពះពោះវៀនគោ​ នៅឃុំសូទិព្វ ស្រុកជើងព្រៃ ខេត្តកំពង់ចាម
260 _aPHNOM PENH
_bRUA
_c2025
300 _ax,46p.
_bill.
_c29cm.
942 _cសារណាបទ
999 _c25538
_d25538